| 000 | 00585nam a2200181 i 4500 | ||
|---|---|---|---|
| 001 | 108170 | ||
| 003 | ES-MaACL | ||
| 005 | 20230906184608.0 | ||
| 007 | t| | ||
| 008 | 061121s1934 sp r ||||1| spa d | ||
| 100 | 1 |
_aMontañés, Pablo. _982392 |
|
| 245 | 1 | 0 |
_aProyecto de organización de la lucha contra la lepra en España / _cDr. Pablo Montañés. |
| 260 |
_aMadrid : _b[s.n.], _c1934. |
||
| 300 |
_a19 p. : _bil ; _c21. |
||
| 500 | _aTirada aparte de ` Ecos Españoles de Dermatología y Sifiliografía`. | ||
| 650 | 4 |
_aLepra- _zEspaña. _9155984 |
|
| 852 |
_aES-MaACL _j1794-F-8 |
||
| 999 |
_c108170 _d108170 |
||